| 000 | 00435nam a22001457a 4500 | ||
|---|---|---|---|
| 008 | 230331b |||||||| |||| 00| 0 eng d | ||
| 040 |
_aNational Science Library _cNational Science Library |
||
| 080 |
_aD 778.6(03) _bK2.1 |
||
| 245 | _aEncyclopedia of colour photography | ||
| 260 |
_aLondon: _bFountain Press, _c1962 |
||
| 300 | _a177p. | ||
| 650 | _aColour photography | ||
| 653 | _aPhotography encyclopedia | ||
| 942 |
_2udc _cBK |
||
| 999 |
_c17002 _d17002 |
||